| 000 | 00557nam a22001937a 4500 | ||
|---|---|---|---|
| 003 | OSt | ||
| 005 | 20140310181752.0 | ||
| 008 | 130627t xxu||||| |||| 00| 0 eng d | ||
| 020 | _a9719235020 | ||
| 050 |
_aPL 5509 _b.C284 2007 |
||
| 082 |
_2FIL 499.211 _bC19 2007 |
||
| 100 | _aCarlos, Victoria P. | ||
| 245 |
_aI'd like to speak Filipino 3 : _bintermediate / _cVictoria P. Carlos. |
||
| 260 |
_aPhilippines : _bAmple Printing Press, _c2007. |
||
| 300 |
_a104 p. : _bill. ; _c23 cm. |
||
| 650 |
_aLanguage _xFilipino |
||
| 942 |
_2lcc _cBK |
||
| 999 |
_c3272 _d3272 |
||